Biokémiai oszcilláció

Elmentve itt :
Bibliográfiai részletek
Szerző: Szalai István
Testületi szerző: Eötvös Loránd Kollégium Kémia Műhely
Dokumentumtípus: Prezentáció
Megjelent: 2013
Kulcsszavak:biokémia
oszcilláció
kémiai
Tárgyszavak:
Online Access:http://eta.bibl.u-szeged.hu/4130
LEADER 00820nnm a2200253 i 4500
001 eta4130
005 20201210115629.0
008 201210s2013 hu o 0|| hun d
040 |a SZTE Elektronikus Tananyag Archívum  |b hun 
041 |a hun 
100 1 |a Szalai István 
245 1 0 |a Biokémiai oszcilláció  |h [elektronikus dokumentum] /  |c  Szalai István 
260 |c 2013 
300 |a 43 
516 |a Presentation 
650 4 |a Természettudományok 
650 4 |a Biológiai tudományok 
650 4 |a Biokémia és molekuláris biológia 
650 4 |a Biokémia 
695 |a biokémia 
695 |a oszcilláció 
695 |a kémiai 
711 |a Eötvös Loránd Kollégium Kémia Műhely  |c Szeged, Magyarország  |d 2013. 03. 19. 
856 4 0 |u https://eta.bibl.u-szeged.hu/4130/1/2010-0012_73_01.pdf  |z Dokumentum-elérés